Bilecik Bilecik Bilecik Bilecik Bilecik

Student solutions manual to accompany organic chemistry/ (Record no. 11932)

MARC details
000 -BAŞLIK
Sabit Uzunluktaki Kontrol Alanı 00902nam a22002777a 4500
001 - KONTROL NUMARASI
Control Dosyası 0011963
003 - KONTROL NUMARASI KİMLİĞİ
Kontrol Alanı KOHA_MİRAKIL
005 - EN SON İŞLEM TARİHİ ve ZAMANI
Kontrol Alanı 20260207001835.0
007 - FİZİKSEL TANIM SABİT ALAN - GENEL BİLGİ
Sabit uzunluklu kontrol alanı ta
008 - SABİT UZUNLUKTAKİ VERİ ÖGELERİ - GENEL BİLGİ
Sabit Alan 090729b2008 us |||gr||||#||||0|Eng |
020 ## - ISBN - ULUSLARARASI STANDART KİTAP NUMARASI
Isbn 9780073047881
Nitelik bilgileri (hard copy : alk. paper)
020 ## - ISBN - ULUSLARARASI STANDART KİTAP NUMARASI
Isbn 0073047880
Nitelik bilgileri (hard copy : alk. paper)
Kullanılabilirlik koşulları 110,08
040 ## - KATALOGLAMA KAYNAĞI
Özgün Kataloglama Kurumu TR-BiSEU
Kataloglama Dili tur
Çeviri Kurumu TR-BiSEU
Açıklama Kuralları rda
041 0# - DİL KODU
Metin ya da ses kaydının dil kodu Eng
044 ## - YAYINLAYAN/ÜRETEN KURULUŞUN ÜLKE KODU
ISO country code us
050 ## - SINIFLAMA ve YER NUMARASI
Sınıflama Numarası QD251.2
Yer Numarası .A85 2008
100 1# - KİŞİ ADI
Yazar Adı (Kişi adı) Atkins, Robert C. .
245 1# - ESER ADI BİLDİRİMİ
Başlık Student solutions manual to accompany organic chemistry/
Sorumluluk Bildirimi Robert C. Atkins ; Robert C. Atkins, Francis A. Carey; edited by Thomas D. Timp.
250 ## - BASIM BİLDİRİMİ
Basım Bildirimi 7th ed.
264 #1 - ÜRERİM, YAYIN, DAĞITIM ve TELİF BİLDİRİMİ
Yayın yeri Dubuque, IA :
Yayınlayan McGraw-Hill Companies
Yayın tarihi 2008
300 ## - FİZİKSEL TANIMLAMA
Sayfa, Cilt vb. 916 sayfa: resimli; 35 cm.
336 ## - İÇERİK TÜRÜ
Content type term metin
Content type code txt
Source rdacontent
337 ## - MEDYA TÜRÜ
Media type term aracısız
Media type code n
Source rdamedia
338 ## - TAŞIYICI TÜRÜ
Carrier type term cilt
Carrier type code nc
Source rdacarrier
942 ## - EK GİRİŞ ÖGELERİ (KOHA)
Source of classification or shelving scheme Library of Congress Classification
Koha item type Book
Holdings
Materyal Türü Kalıcı Konum Mevcut Konum Raf Yeri Sınıflandırma Kaynağı Edinim Bilgisi Ana Konular Alt Konular Yer Numarası Demirbaş Numarası Fatura Tarihi Maliyet, Alış Fiyatı Maliyet, Yenileme Fiyatı Geri Çekilme Durumu Kayıp Durumu Hasarlı Durumu Kredi için değil Kayıt Tarih Toplam Ödünçverme Son Görülme Tarihi Son Kontrol Tarihi
Book Prof. Dr. Azmi Özcan Kütüphanesi Prof. Dr. Azmi Özcan Kütüphanesi Birûni Salonu Library of Congress Classification Satın BİLİM Kimya QD251.2 .A85 2008 0011963 23/12/2009 118.89 118.89         29/07/2009 5 05/12/2024 05/12/2024